Estudios de derecho del consumidor II.

Guardat en:
Dades bibliogràfiques
Autor principal: Maza Gazmuri, Iñigo de la (director y coordinador)
Altres autors: Contardo, Juan Ignacio (Director), López Díaz, Patricia Verónica (coordinadora), Cortez López, Hernán Felipe (Coordinador), Loayza Mosqueira, Boris (Editor), Norambuena Oyanedel, Raimundo (Editor)
Format: Desconegut
Idioma:anglès
Publicat: Santiago, Chile: Rubicón Editores, 2021
Edició:1ª edición
Matèries:
Etiquetes: Afegir etiqueta
Sense etiquetes, Sigues el primer a etiquetar aquest registre!

MARC

LEADER 00000 a2200000 4500
003 CL-VaPUC
005 20230322103633.0
008 211209b2021 ||||| |||| 00| 0 eng d
999 |c 434272  |d 434270 
020 |a 978-956-9947-31-5 
040 |c Pontificia Universidad Católica de Valparaíso 
082 |a 343.83071 MAZ 2021  |2 22 
100 |a Maza Gazmuri, Iñigo de la  |e director y coordinador  |9 737462 
245 1 |a Estudios de derecho del consumidor II.  
250 |a 1ª edición 
260 |a Santiago, Chile:  |b Rubicón Editores,  |c 2021 
300 |a 411 páginas 
583 |k Sebastián Perez  |c 20211209 
611 |a VII Jornadas de Derecho del Consumo  |c  Santiago,  |d 28 y 29 de noviembre 2018  |9 865437 
650 0 |a Derecho de los consumidores  |9 859567 
650 0 |a Ley de protección al consumidor  |9 560832 
700 |a Contardo, Juan Ignacio  |e director  |9 865152 
700 |a López Díaz, Patricia Verónica  |e coordinadora  |9 880878 
700 |a Cortez López, Hernán Felipe  |e Coordinador  |9 865153 
700 |a Loayza Mosqueira, Boris  |e editor  |9 865154 
700 |a Norambuena Oyanedel, Raimundo  |e editor  |9 865155 
942 |2 ddc  |c BK 
952 |0 0  |1 0  |2 ddc  |4 0  |6 343_830710000000000_MAZ_2021  |7 0  |8 A  |9 579476  |a BIBDER  |b BIBDER  |d 2021-12-03  |e 22  |g 35000.00  |i 5628172  |l 7  |m 5  |o 343.83071 MAZ 2021  |p 5628172  |r 2024-08-29  |s 2024-08-29  |t 1  |v 35000.00  |w 2021-12-09  |y BK  |k DER